| 000 | 00353nam a2200145Ia 4500 | ||
|---|---|---|---|
| 008 | 221030s9999 xx 000 0 und d | ||
| 041 | _aEnglish | ||
| 082 | _a105.23 | ||
| 100 | _a- | ||
| 245 | 0 |
_aDirectory Of Accredited Programmes Of Technical Institutes _cby - |
|
| 260 |
_bAICTE _aNew Delhi _c1999 |
||
| 300 | _a12 | ||
| 650 | _aGeneral | ||
| 942 | _cBK | ||
| 999 |
_c7462 _d7462 |
||